Carbon Sequestration and Optimal Climate Policy (notice n° 1819983)
[ vue normale ]
| 000 -LEADER | |
|---|---|
| fixed length control field | 01437cam a2200229 4500500 |
| 005 - DATE AND TIME OF LATEST TRANSACTION | |
| control field | 20260329002944.0 |
| 041 ## - LANGUAGE CODE | |
| Language code of text/sound track or separate title | fre |
| 042 ## - AUTHENTICATION CODE | |
| Authentication code | dc |
| 100 10 - MAIN ENTRY--PERSONAL NAME | |
| Personal name | Grimaud, André |
| Relator term | author |
| 245 00 - TITLE STATEMENT | |
| Title | Carbon Sequestration and Optimal Climate Policy |
| 260 ## - PUBLICATION, DISTRIBUTION, ETC. | |
| Date of publication, distribution, etc. | 2009.<br/> |
| 500 ## - GENERAL NOTE | |
| General note | 59 |
| 520 ## - SUMMARY, ETC. | |
| Summary, etc. | We present an endogenous growth model in which the use of a non-renewable natural resource generates carbon-dioxide emissions that can be partly sequestered. This approach breaks with the systematic link between resource use and pollution emission. The accumulated stock of remaining emissions has a negative impact on household utility and corporate productivity. While sequestration quickens the optimal extraction rate, it can also generate higher emissions in the short run. It also has an adverse effect on economic growth. We study the impact of a carbon tax: the level of the tax has an effect in our model, its optimal level is positive, and it can be interpreted ex post as a decreasing ad valorem tax on the resource. |
| 690 ## - LOCAL SUBJECT ADDED ENTRY--TOPICAL TERM (OCLC, RLIN) | |
| Topical term or geographic name as entry element | carbon sequestration |
| 690 ## - LOCAL SUBJECT ADDED ENTRY--TOPICAL TERM (OCLC, RLIN) | |
| Topical term or geographic name as entry element | climate policy |
| 690 ## - LOCAL SUBJECT ADDED ENTRY--TOPICAL TERM (OCLC, RLIN) | |
| Topical term or geographic name as entry element | endogenous growth |
| 690 ## - LOCAL SUBJECT ADDED ENTRY--TOPICAL TERM (OCLC, RLIN) | |
| Topical term or geographic name as entry element | non-renewable resources |
| 690 ## - LOCAL SUBJECT ADDED ENTRY--TOPICAL TERM (OCLC, RLIN) | |
| Topical term or geographic name as entry element | pollution |
| 700 10 - ADDED ENTRY--PERSONAL NAME | |
| Personal name | Rouge, Luc |
| Relator term | author |
| 786 0# - DATA SOURCE ENTRY | |
| Note | Economie & prévision | o 190-191 | 4 | 2009-12-28 | p. 53-69 | 0249-4744 |
| 856 41 - ELECTRONIC LOCATION AND ACCESS | |
| Uniform Resource Identifier | <a href="https://shs.cairn.info/journal-economie-et-prevision-1-2009-4-page-53?lang=en&redirect-ssocas=7080">https://shs.cairn.info/journal-economie-et-prevision-1-2009-4-page-53?lang=en&redirect-ssocas=7080</a> |
Pas d'exemplaire disponible.




Réseaux sociaux